| 000 | 00697nam a2200205Ia 4500 | ||
|---|---|---|---|
| 003 | IN-BaIIA | ||
| 008 | 211028s9999 xx 000 0 eng d | ||
| 020 | _a90-277-1215-8 | ||
| 040 | _cIIA Library | ||
| 080 |
_a52(091) _bWAL |
||
| 245 | 0 |
_aPrelude to Galileo:essays on medieval and sixteenth-century sources of Galileo's thought _cedited by William A. Wallace |
|
| 260 |
_aDordrecht _bD. Reidel Publishing _c1981 |
||
| 300 | _axvi, 369p. | ||
| 650 |
_aArchaeoastronomy _92299 |
||
| 650 | _aAstronomy and Astrophysics Thesaurus | ||
| 650 |
_aAstronomy-History _9900 |
||
| 650 |
_aGalileo _912169 |
||
| 700 |
_aWallace, William A., ed. _912170 |
||
| 942 | _cBK | ||
| 999 |
_c7103 _d7103 |
||